| 000 | 00433pam a2200157 a 4500 | ||
|---|---|---|---|
| 020 | _a0813818923 | ||
| 040 | _cDLC | ||
| 082 | 0 | 0 | _a636 LOW 1995 A090 Or. |
| 100 | 1 | _aFowler, Murray E. | |
| 245 | 1 | 0 | _aRestraint and handling of wild and domestic animals / |
| 250 | _a2nd ed. | ||
| 260 |
_aAmes : _bIowa State University Press, _c1995. |
||
| 300 |
_aviii, 383 p. : _bill. ; _c29 cm. |
||
| 650 | 0 | _aAnimal immobilization. | |
| 942 | _cEK | ||
| 999 |
_c15999 _d15999 |
||